[Event "Gashimov Memorial"]
[Site "Shamkir"]
[Date "2016.05.29"]
[Round "4"]
[White "Radjabov, Teimour"]
[Black "Safarli, Eltaj"]
[Result "1/2-1/2"]
[WhiteElo "2726"]
[BlackElo "2664"]
[Annotator "Baldauf,M"]
[PlyCount "65"]
[EventDate "2016.05.26"]
[EventType "tourn"]
[EventRounds "9"]
[EventCountry "AZE"]
[EventCategory "20"]
[SourceTitle "CBM 173"]
[Source "ChessBase"]
[SourceDate "2016.07.12"]
[SourceVersion "1"]
[SourceVersionDate "2016.07.12"]
[SourceQuality "1"]

1. d4 Nf6 2. c4 g6 3. Nc3 d5 4. cxd5 (4. Nf3 Bg7 5. Qb3 {ist das System, das
zuletzt von Radjabov gespielt wurde - wenn auch nur in Blitz und Rapid.} dxc4
6. Qxc4 O-O 7. e4 Nc6 8. Be2 e5 9. d5 Nd4 10. Nxd4 exd4 11. Qxd4 c6 12. Qc4 b5
13. Qxc6 Bd7 14. Qd6 Re8 15. Bg5 b4 16. Qxb4 Nxd5 17. Nxd5 Qxg5 18. O-O Rab8
19. Qd6 Be6 20. f4 Qh4 21. Rad1 Bf8 22. Qa6 Bxd5 23. exd5 Rxb2 24. Bf3 Qxf4 25.
d6 Rb6 26. Qxa7 Qe3+ 27. Kh1 Rxd6 28. Qxe3 Rxe3 29. Rxd6 Bxd6 30. Bd5 Re7 31.
a4 Bb4 32. Rb1 Bc3 33. g3 Rd7 34. Rb5 Ra7 35. Rb7 Rxb7 36. Bxb7 {1/2-1/2 (36)
Radjabov,T (2734)-Aronian,L (2797) Beijing 2014}) 4... Nxd5 5. e4 Nxc3 6. bxc3
Bg7 7. Bc4 c5 8. Ne2 Nc6 9. Be3 O-O 10. O-O {das aggressive Lc4-System ist ein
gerne gesehener Gast aller Grünfeld-Spieler. Schwarz hat an dieser Stelle eine
große Auswahl interessanter Züge, alle führen zu zweischneidgem und scharfem
Spiel} Qc7 (10... Bg4 11. f3 Na5 {war eine der Hauptvarianten aus den
KuK-Zeiten} 12. Bxf7+ (12. Bd3 $5 {gilt heute als vielversprechendster Ansatz}
cxd4 13. cxd4 Be6 14. d5 Bxa1 15. Qxa1 f6) 12... Rxf7 13. fxg4 Rxf1+ 14. Kxf1
Qd6 15. e5 Qd5 16. Bf2 Rf8 17. Kg1 Bh6 18. h4 Qf7 19. Bg3 Be3+ 20. Kh2 Qc4 21.
Rb1 b6 22. Rb2 Qd5 23. Qd3 Nc4 24. Rb1 b5 25. Kh3 a6 26. Ng1 cxd4 27. Nf3 Rd8
28. a4 dxc3 29. Qxc3 Qe6 30. Kh2 bxa4 31. Rb4 Nd2 32. Rxa4 Nf1+ 33. Kh3 Rd1 34.
Qc2 Rc1 35. Qe2 h5 36. Be1 Qd7 37. Qxa6 Ra1 38. Qxg6+ {1-0 (38) Karpov,A (2700)
-Kasparov,G (2740) Seville 1987 MainBase [Bulletin]}) 11. Rc1 Rd8 12. f4 (12.
h3 {spielte Radjabov in einer früheren Partie, die konkrete Idee dahinter ist
einfach das entlastende ...Lg4 zu verhindern} a6 13. Bf4 (13. f4 b5 14. Bd3 e6
$13) 13... Qa5 14. Qb3 e6 15. a4 cxd4 16. cxd4 Nxd4 17. Nxd4 Rxd4 18. Be3 Rd6
19. Rfd1 Rxd1+ 20. Rxd1 b5 21. axb5 axb5 22. Qxb5 Qxb5 23. Rd8+ Bf8 24. Bxb5
Bb7 25. Rxa8 Bxa8 26. f3 f5 27. Bd3 fxe4 28. Bxe4 Bxe4 29. fxe4 Kf7 30. Kf1 h5
31. Kg1 Bd6 32. Kf1 Bf8 33. Kg1 Bd6 34. Kf1 Bf8 {1/2-1/2 (34) Radjabov,T (2757)
-Carlsen,M (2772) Nanjing 2009 CBM 133 [Krasenkow,M]}) (12. Bf4 $5 Qd7 13. d5
Na5 14. Bd3 b5 $13) 12... Bg4 {Weiß steht unter Druck und muss den Angriff
fortsetzen} 13. f5 (13. d5 e6 $15) 13... gxf5 14. h3 cxd4 15. Bxf7+ {die
Stellung scheint sehr scharf und komplex zu sein, doch wie so oft in moderner
Eröffnungsvorbereitung, weist die Engine einen Weg ins Remis} Kxf7 16. Qb3+ e6
17. Nxd4 {aufgrund der taktischen Finesse, dass nach der Öffnung der c-Linie
die schwarze Dame hängt, gewinnt Weiß die geopferte Figur zurück - die
Stellung ist danach jedoch sehr vereinfacht und Safarli hat keine Probleme,
das Remis zu sichern.} Nxd4 (17... Bxd4 $2 18. cxd4 Be2 $2 (18... Qb6 19. hxg4
$14) 19. Rxf5+ Kg7 20. Rxc6 Qxc6 21. Bh6+ $3 Kxh6 22. Qe3+ Kg7 23. Qg5+ Kh8 24.
Qf6+ Kg8 25. Rg5#) 18. cxd4 Qb6 19. Qxb6 axb6 20. hxg4 Bxd4 21. Bxd4 Rxd4 22.
exf5 Rxg4 23. Rc7+ Kf6 24. fxe6+ Kxe6 25. Rxb7 Rxa2 26. Rxb6+ Ke5 27. Rf2 Rxf2
28. Kxf2 Kf5 29. Kf3 Rf4+ 30. Kg3 Rg4+ 31. Kf3 Rf4+ 32. Kg3 Rg4+ 33. Kf3
1/2-1/2

[Event "Speed Chess Invitational"]
[Site "chess.com INT"]
[Date "2020.10.25"]
[Round "2.5"]
[White "Andreikin, D."]
[Black "Vidit, S."]
[Result "0-1"]
[WhiteElo "2726"]
[BlackElo "2726"]
[PlyCount "80"]
[EventDate "2020.10.25"]
[EventType "k.o. (blitz)"]
[EventRounds "4"]
[SourceTitle "The Week in Chess 1355"]
[Source "Mark Crowther"]
[SourceDate "2020.10.26"]
[SourceVersion "3"]
[SourceVersionDate "2020.10.27"]
[SourceQuality "2"]

1. d4 Nf6 2. c4 e6 3. Nf3 d5 4. Nc3 Bb4 5. Qa4+ Nc6 6. e3 O-O 7. Bd2 dxc4 8.
Bxc4 Bd6 9. Qc2 e5 10. dxe5 Nxe5 11. Nxe5 Bxe5 12. f4 Bxc3 13. Bxc3 Ng4 14. Bd4
c5 15. Bxc5 Re8 16. O-O Nxe3 17. Bxe3 Rxe3 18. Qf2 Re8 19. Rad1 Qf6 20. f5 b6
21. Qg3 Rd8 22. Bxf7+ Kxf7 23. Qc7+ Rd7 24. Rxd7+ Bxd7 25. Qxd7+ Kf8 26. h3 a5
27. Rd1 Re8 28. Qd6+ Kf7 29. Qxf6+ Kxf6 30. Rd6+ Kxf5 31. Rxb6 Re2 32. a4 g5
33. b3 Rb2 34. Kh2 h5 35. Rb5+ Kf4 36. Rxa5 Rxb3 37. Ra8 g4 38. hxg4 hxg4 39.
a5 Rb5 40. a6 g3+ 0-1

[Event "Olympiad-24"]
[Site "Valetta"]
[Date "1980.11.29"]
[Round "9"]
[White "Karpov, Anatoly"]
[Black "Hort, Vlastimil"]
[Result "1-0"]
[WhiteElo "2725"]
[BlackElo "2595"]
[PlyCount "121"]
[EventDate "1980.11.20"]
[EventType "team-swiss"]
[EventRounds "14"]
[EventCountry "MLT"]
[SourceTitle "EXT 2000"]
[Source "ChessBase"]
[SourceDate "1999.11.16"]
[SourceVersion "1"]
[SourceVersionDate "1999.11.16"]
[SourceQuality "1"]
[WhiteTeam "Soviet Union"]
[BlackTeam "Czechoslovakia"]
[WhiteTeamCountry "URS"]
[BlackTeamCountry "CSR"]

1. e4 c6 2. d4 d5 3. exd5 cxd5 4. c4 e6 5. Nf3 Nf6 6. Nc3 Be7 7. cxd5 Nxd5 8.
Bd3 Nc6 9. O-O O-O 10. Re1 Nf6 11. a3 Qd6 12. Be3 Rd8 13. Qc2 Bd7 14. Rad1 Rac8
15. Bg5 h6 16. Bh4 Qb8 17. Qe2 Be8 18. Bb1 Nd5 19. Qd3 g6 20. Bg3 Bd6 21. Nxd5
exd5 22. Ne5 Qc7 23. Qe3 Qb6 24. Qxh6 Nxe5 25. dxe5 Bf8 26. Qg5 Qe6 27. Ba2 Bb5
28. h3 Rd7 29. Qe3 b6 30. Qf4 Bc4 31. Bb1 Bb3 32. Rd2 a5 33. Bd3 Rdc7 34. Kh2
Rc1 35. Rde2 Rxe1 36. Rxe1 Bc2 37. Ba6 Rc5 38. Be2 Bf5 39. Rd1 Qc6 40. Rd2 Rc2
41. Bf3 Be6 42. Qd4 Rxd2 43. Qxd2 Qc4 44. Be2 Qa2 45. Bf4 Bc5 46. Be3 d4 47.
Bg5 Qd5 48. Bf6 Bf8 49. Bd3 Bg7 50. Qf4 Kh7 51. f3 b5 52. Kg3 Qd7 53. Bxg7 Kxg7
54. Qf6+ Kg8 55. h4 Qe8 56. h5 Bc4 57. h6 Qf8 58. Bxg6 Qxh6 59. Bxf7+ Kh7 60.
Qf5+ Kh8 61. Qc8+ 1-0

[Event "Novgorod"]
[Site "Novgorod"]
[Date "1994.??.??"]
[Round "10"]
[White "Kramnik, Vladimir"]
[Black "Kasparov, Garry"]
[Result "1/2-1/2"]
[WhiteElo "2725"]
[BlackElo "2805"]
[Annotator "Ftacnik,L"]
[PlyCount "51"]
[EventDate "1994.08.??"]
[EventType "tourn"]
[EventRounds "10"]
[EventCountry "RUS"]
[EventCategory "19"]
[SourceTitle "CBM 043"]
[Source "ChessBase"]
[SourceDate "1994.12.01"]
[SourceVersion "1"]
[SourceVersionDate "1994.12.01"]
[SourceQuality "1"]

1. Nf3 Nf6 2. c4 g6 3. Nc3 d5 4. cxd5 Nxd5 5. e4 Nxc3 6. bxc3 c5 7. d4 Bg7 8.
Rb1 O-O 9. Be2 cxd4 10. cxd4 Qa5+ 11. Bd2 Qxa2 12. O-O Bg4 13. Bg5 h6 14. Bxe7
Re8 15. Rxb7 Nc6 (15... Nd7 $5 16. Bb4 Rxe4 17. Re1 Bxf3 18. Bxf3 Rxd4 $15 {
Hultin-Ernst,T/Gausdal Troll Masters/1991/}) 16. Bc5 Rxe4 17. Bd3 Rxd4 $5 $146
(17... Ree8 18. Bb5 Rec8 19. Qd3 Be6 20. Re1 Bd5 $13 {Manso,F-Sanchez Almeyra,
J/San Sebastian/1993/}) 18. Bxd4 Nxd4 19. Be4 Rd8 20. Qb1 Ne2+ 21. Kh1 Qc4 22.
Bxg6 $5 (22. Rb8 Rxb8 23. Qxb8+ Kh7 24. Nd2 Qd4 $13) (22. Rb4 Qe6 $13) 22...
Nc3 (22... fxg6 $2 23. Qxg6 (23. Ne5 Qe6 $5) 23... Ng3+ 24. hxg3 (24. fxg3
Qxf1+ 25. Ng1 Bd7 (25... Rd7 $2 26. Rb8+) 26. Rxd7 Rxd7 27. Qe8+ Kh7 28. Qxd7
Qa1 29. Qf5+ $10) 24... Qxf1+ 25. Kh2 Bd7 26. Ne5 $40 (26. Rxd7 Rxd7 27. Qe8+
Kh7 28. Qxd7 Qxf2 29. Qf5+ $10)) 23. Bxf7+ (23. Qe1 $1 Be6 $1 $44 (23... Rf8 $2
$13 24. Bxf7+ $1 Rxf7 25. Qe8+ Rf8 (25... Bf8 26. Qxf7+ Qxf7 27. Rxf7 Kxf7 28.
Ne5+ $18) 26. Qg6 Qxf1+ 27. Ng1 $18) (23... fxg6 24. Rxg7+ Kxg7 25. Qe7+ Qf7 (
25... Kg8 26. Qxd8+ Kg7 27. Re1 $18) 26. Qxd8 Bxf3 (26... Qxf3 27. Qd4+ (27.
gxf3 $4 Bxf3+ 28. Kg1 Ne2#) 27... Kg8 28. Rb1 $1) 27. Qd4+ Kh7 28. Qxc3 Bd5 29.
f4 $18)) 23... Qxf7 24. Rxf7 Nxb1 25. Rxa7 Nc3 26. h3 (26. Ng1 $5 Rd1 27. Rxd1
Nxd1 28. Ra2 Bb2 29. h3 Be6 30. Ra8+ Kf7 31. f3 Nf2+ 32. Kh2 Be5+ 33. g3 $10) (
26. h3 Bxf3 27. gxf3 Rf8 28. Rg1 Rf7 $10) 1/2-1/2

[Event "Hoogovens"]
[Site "Wijk aan Zee"]
[Date "1996.01.18"]
[Round "5"]
[White "Anand, Viswanathan"]
[Black "Sokolov, Ivan"]
[Result "0-1"]
[WhiteElo "2725"]
[BlackElo "2665"]
[Annotator "Anand,V"]
[PlyCount "96"]
[EventDate "1996.01.??"]
[EventType "tourn"]
[EventRounds "13"]
[EventCountry "NED"]
[EventCategory "17"]
[SourceTitle "CBM 051"]
[Source "ChessBase"]
[SourceDate "1996.04.01"]
[SourceVersion "1"]
[SourceVersionDate "1996.04.01"]
[SourceQuality "1"]

1. e4 {Ftacnik} e5 2. Nf3 Nc6 3. Bb5 a6 4. Ba4 Nf6 5. O-O Be7 6. Re1 b5 7. Bb3
O-O 8. a4 b4 9. d3 d6 10. a5 {Survey CBM 51 [Ftacnik]} Bg4 11. Be3 d5 12. Nbd2
{Actually, White has very little choice here.} (12. h3 Bxf3 13. Qxf3 dxe4 14.
dxe4 Nd4 15. Bxd4 Qxd4 16. Qe2 (16. Rd1 Qxe4 17. Qxe4 Nxe4 18. Bd5 Rad8 $1)
16... Rfd8 $1 (16... Qxb2 17. Nd2 $44)) 12... h6 $1 (12... d4 13. Bg5 $14) (
12... dxe4 13. dxe4 $14) 13. h3 (13. exd5 Nxd5 14. h3 Nxe3 15. Rxe3 Bxf3 16.
Nxf3 Bc5 $1) 13... d4 (13... Bh5 14. g4 Bg6 15. Ba4) 14. hxg4 dxe3 15. fxe3
Nxg4 16. Bd5 (16. Nc4 $5 Bf6 {It's not so easy to prove an advantage for White
here, but he is definitely better because of the difference in Bs.} (16... Bc5
17. Ba4 $1 $16)) 16... Qd7 17. Nc4 Bf6 {Here I saw that the Q sac was possible
and that it gave White the advantage. I decided to go for it because I was in
a reckless mood that day!} 18. Nfd2 $1 h5 19. Rf1 Rad8 20. Rf5 $1 g6 (20... Ne7
21. Rxh5 g6 (21... c6 22. Nb6 Nxe3 23. Rh8+ $1 Kxh8 24. Qh5+ $18) 22. Rh3 {
This all seems to work out.}) 21. Qxg4 $3 {Critical but very risky and of
course White has reached the point of no return.} hxg4 22. Rxf6 Ne7 23. Bxf7+
Kg7 24. Raf1 Qb5 25. g3 $1 {Otherwise Black himself plays g4-g3} Rd7 {/\ Nd5}
26. R1f2 $1 {Now the N can't move because Rg6+ is followed by Rh2#} Qc5 27. Nb3
(27. Kf1 $142 $1 {Ftacnik /\Ke2}) (27. b3 $142 {Ftacnik} Rdd8 28. Nf1 Rd7 29.
Nh2 $16) 27... Qa7 $2 (27... Qb5 $142 $8 28. d4 $1 exd4 (28... Nf5 $1 29. Nxe5
$1 (29. Rxg6+ Kxf7 $13) (29. exf5 $1 Kxf6 {As these things go, the solution is
to give more material!} 30. Nxe5 $1 (30. fxg6+ Kg7 31. Nxe5 Re7) 30... Re7 (
30... gxf5 31. Bc4 Qa4 32. Nc5 Qa1+ 33. Rf1 $18) 31. Bc4 $1 Qa4 32. Nc5 Qa1+
33. Rf1 Qxb2 34. Ne4+ Kg7 35. f6+ Rxf6 36. Nxf6 (36. Rxf6 Rxe5 37. dxe5 Qxc2 {
This is a mess}) 36... Rxe5) 29... Kxf6 (29... Rd6 30. Bc4 $18) 30. Bc4 Qa4 31.
Nc5 Qa1+ 32. Rf1 $18) 29. exd4 Kh8 $8 {White has a draw at least with Rh2 and
Rhf2, but does he have more?} (29... Nf5 30. Rxg6+ Kxf7 31. Rxf5+ $1 $18 Kxg6 (
31... Qxf5 32. exf5) 32. Rxb5 {The reason why exd4 is bad} axb5 33. Ne5+ $18)
30. Ne5 Rxd4 (30... Rd6 31. Bc4 Rdxf6 32. Rh2+ Kg7 33. Bxb5 axb5 34. Re2 $16)
31. Nxg6+ Nxg6 32. Nxd4 Qe5 33. Nf5 $1 Qxf6 34. Rh2+ Nh4 35. Bb3 Rf7 36. Bxf7
Qxf7 37. Rxh4+ $18 {The sting at the end of the tail.}) 28. Nxe5 $4 (28. Rxa6
$3 Qxa6 29. Nc5 Qc6 $1 {Ivanchuk} (29... Rxf7 30. Rxf7+ Kxf7 31. Nxe5+ $1 {
And Black has a horrible position, which is probably lost.} (31. Nxa6 Nc6 {
This didn't seem so clear to me.})) 30. Ne6+ Qxe6 31. Bxe6 Rxf2 32. Kxf2 b3 $1
33. c3 $1 Rxd3 34. Ke2 Rd8 35. Nd2 $1 $16 {This seems to be the best that
White can achieve, but he does have good winning chances.}) 28... Qxe3 $1 {
Unfortunately, there is a gaping hole in this variation.} (28... Rd6 $4 29.
Rxd6 cxd6 30. Nd4 $1 $18 {I saw this and fell in love with the whole variation.
}) 29. Nxd7 Rh8 $1 {Now I suddenly realised that Black's threat is not Qg3,
but Qe1!} 30. Kg2 Rh3 {With the lethal threat of Qe1!} 31. Bxg6 (31. Bc4 Qe1
$17) (31. Bg8 Nxg8 32. Rf7+ Kh6 33. Nf8 Kh5 $1) 31... Nxg6 32. Kf1 $2 (32. Rf7+
Kh6 33. Nf8 (33. Nf6 Qxg3+ 34. Kf1 Rh1+ 35. Ke2 Nf4+ 36. Rxf4 Qe1#)) 32... Rh1+
33. Kg2 Rd1 34. Rxg6+ (34. Rf1 Nh4+ 35. gxh4 Qh3+ 36. Kg1 Rxf1+ 37. Rxf1 g3 $19
) (34. Nbc5 $2 {Ftacnik} Nh4+ $1 35. Kh2 Nf3+ 36. R6xf3 Qh6+) 34... Kxg6 35.
Ne5+ Kg7 36. Nxg4 Qe1 37. Kf3 Qh1+ 38. Kf4 Rf1 39. Ke3 Qg1 40. Kf3 $4 {
Forgetting that c2 could no longer be protected.} (40. Ke2 $1 Re1+ (40... Rb1
$1 41. Nd4 {And the game chunders on}) (40... Rxf2+ 41. Nxf2 Qb1 42. Kd2 $1
Qxb2 43. Nd1 {/\ Ne3,Nc4}) 41. Kf3 {Black still has to work on realizing his
advantage.} (41. Kd2 Rb1)) 40... Rxf2+ 41. Nxf2 Qb1 {Now c2 and the whole <<
crumble.} 42. Nd4 Qxb2 43. Nf5+ Kf7 44. Ne3 Qa2 45. e5 Qxa5 46. d4 Qa1 47. Ke4
a5 48. d5 a4 {I decided to end my suffering here.} 0-1

[Event "World Blitz 2019"]
[Site "Moscow RUS"]
[Date "2019.12.29"]
[Round "7.2"]
[White "Andreikin, D."]
[Black "Carlsen, M."]
[Result "1-0"]
[WhiteElo "2724"]
[BlackElo "2872"]
[PlyCount "107"]
[EventDate "2019.12.29"]
[EventType "swiss (blitz)"]
[EventRounds "21"]
[EventCountry "RUS"]
[SourceTitle "The Week in Chess 1312"]
[Source "Mark Crowther"]
[SourceDate "2019.12.30"]
[SourceVersion "1"]
[SourceVersionDate "2019.12.30"]
[SourceQuality "2"]

1. d4 d5 2. Nf3 Nf6 3. c4 e6 4. Nc3 Bb4 5. Qa4+ Nc6 6. e3 O-O 7. Bd2 dxc4 8.
Bxc4 Bd6 9. Qc2 e5 10. dxe5 Nxe5 11. Nxe5 Bxe5 12. f4 Bxc3 13. Bxc3 Ng4 14. Bd4
c5 15. Bxc5 Re8 16. O-O Nxe3 17. Bxe3 Rxe3 18. Qf2 Re8 19. Rad1 Qc7 20. Rc1 Qd6
21. f5 Qf6 22. Bb3 Bd7 23. Rc7 Re7 24. Rxb7 a5 25. Rb6 Qg5 26. f6 gxf6 27. Rxf6
Be8 28. Bxf7+ Bxf7 29. Rxf7 Rxf7 30. Qxf7+ Kh8 31. Qf6+ Qxf6 32. Rxf6 Rd8 33.
g3 Kg7 34. Rf2 a4 35. Kg2 a3 36. bxa3 Rd3 37. Kf1 Rxa3 38. Ke1 h5 39. Kd1 h4
40. gxh4 Kg6 41. Kc1 Ra8 42. Kb2 Rb8+ 43. Kc3 Rc8+ 44. Kd4 Ra8 45. Kc4 Rc8+ 46.
Kb3 Rb8+ 47. Kc3 Ra8 48. Kb2 Rb8+ 49. Ka1 Ra8 50. Rf4 Ra3 51. Kb2 Rh3 52. a4
Rxh2+ 53. Kb3 Rh3+ 54. Kb4 1-0

[Event "ESP-chT Honor Gp1 49th"]
[Site "Merida"]
[Date "2005.08.24"]
[Round "1"]
[White "Aronian, Levon"]
[Black "Bologan, Viktor"]
[Result "1-0"]
[WhiteElo "2724"]
[BlackElo "2700"]
[Annotator "Krasenkow,M"]
[PlyCount "91"]
[EventDate "2005.08.24"]
[EventType "team"]
[EventRounds "5"]
[EventCountry "ESP"]
[SourceTitle "CBM 109"]
[Source "ChessBase"]
[SourceDate "2005.11.14"]
[SourceVersion "1"]
[SourceVersionDate "2005.11.14"]
[SourceQuality "1"]

1. d4 Nf6 2. c4 g6 3. Nf3 Bg7 4. g3 d5 5. cxd5 Nxd5 6. Bg2 Nb6 7. Nc3 Nc6 8. e3
e5 9. d5 Ne7 {This knight retreat is considered a bit too passive.} 10. e4 Bg4
11. O-O c6 12. h3 (12. Qb3 $6 cxd5 13. Nxd5 Nbxd5 14. exd5 Qxd5 15. Qxd5 Nxd5
16. Nxe5 Be6 17. Nd3 Rc8 18. Bd2 O-O 19. Rac1 b6 20. b3 Nc3 21. Bxc3 Rxc3 22.
Rxc3 Bxc3 {1/2-1/2 Kharitonov,A-Polovodin,I/Irkutsk 1983/MCD}) 12... Bxf3 13.
Qxf3 {This capture in such positions is more precise than Bxf3 as it
contributes to development. Therefore it is more favorable for Black to play ..
.Bc8-g4 after White has already played Qd1-e2 (gaining a tempo in case of h3
Bxf3 Qxf3)} (13. Bxf3 O-O 14. Qb3 cxd5 15. Nxd5 Nbxd5 16. exd5 Nf5 (16... Qd7
$5) 17. Qxb7 Nd4 $44 18. d6 Rb8 19. Qe4 f5 20. Qd5+ Kh8 21. Rd1 Qf6 22. Be3 Rb5
23. Rxd4 exd4 24. Bxd4 Rxd5 25. Bxf6 Rxd6 26. Be7 Rd2 27. Bxf8 Bxf8 28. Rc1
Rxb2 $11 {1/2-1/2 Filippov,V-Bologan,V/Izmir 2004/CBM 104 no vc (45)}) 13...
cxd5 (13... O-O {- D 76}) 14. exd5 (14. Nxd5 Nc6 (14... Nbxd5 15. exd5 Nf5 16.
Qa3 $1 $16 {Blees,A-Mikhalchishin,A/Lillafuehred 1989/Inf 48}) 15. Qa3 Bf8 16.
Qd3 Bg7 17. Be3 O-O 18. Rfd1 Nd4 $11 {1/2-1/2 Blees,A-Mikhalchishin,A/
Lillafured 1989/TD (24)}) 14... Nf5 15. d6 $5 {Fighting for initiative before
Black has castled.} Rb8 {Black correctly evaluates that White can't keep his
d6 pawn in a long term. Capturing it at once was risky:} (15... Nxd6 16. Rd1
Qc7 (16... Qe7 17. Nd5 (17. Be3 Ndc4) 17... Nxd5 18. Qxd5 Rd8 19. Be3 b6 20.
Bd2 $1 a5 (20... Nf5 $2 21. Qb5+) 21. Be3) 17. Nd5 Nxd5 18. Qxd5 Rd8 19. Bg5 f6
20. Be3 $16 {The bishops are really terrible in this line.}) (15... Qxd6 16.
Qxb7 O-O 17. Qa6 Rad8 18. Ne4 {and White keeps initiative.}) 16. Rd1 (16. Be3
O-O 17. Rad1 {didn't change much:} Nd4 18. Bxd4 exd4 19. Nb5 Nc4 20. Qd5 Nxb2
21. Rxd4 a6 $1 22. Nc7 b5 23. Re1 {- see annotation to move 21.}) 16... O-O 17.
Be3 (17. Ne4) 17... Nd4 18. Bxd4 exd4 19. Nb5 Nc4 20. Qd5 $5 {A courageous
attempt to keep advantage.} (20. Rab1 Nxd6 21. Nxd4 $11) 20... Nxb2 21. Rxd4 $5
{This exchange sac is practically forced - otherwise White just loses his
passed pawn, e.g.} (21. Rd2 Na4 22. Nxd4 Nb6 23. Qc5 Rc8) 21... Bxd4 {It would
be less stressing not to take this exchange:} (21... a6 22. Nc7 b5 (22... Na4
$143 23. Re1 $44 {e.g.} Nb6 24. Qe4 Nc8 25. Red1 Bxd4 26. Qxd4 b5 27. Bc6 $1)
23. Re1 Nc4 $1 (23... Bxd4 $143 24. Qxd4 Nc4 25. Nd5 f6 26. Re6 Ne5 27. Qh4 $16
) {and White has apparently nothing better than} 24. Rdd1 Rb6 $1 25. Qc5 Rxd6
26. Rxd6 Qxd6 27. Qxd6 Nxd6 28. Nxa6 $11) 22. Qxd4 Qb6 $8 23. Qxb6 axb6 24. Rc1
$44 {White's passed pawn is very strong but it can only guarantee him a draw.}
Nd3 {It was possible to activate the rook first:} (24... Ra8 $5 25. d7 (25. Bd5
Ra5) (25. Rc7 Rxa2 26. Bd5 Ra1+ 27. Kg2 Nd3 $132) (25. Rc2 Nd3 26. Bxb7 Ra5 $1
$132) (25. a3 Ra5 (25... Nd3 26. Rc7 Ra5 27. d7 Nc5 28. Nd6 $36) 26. d7 Nc4 27.
Rxc4 Rxb5 28. Kf1 Rc5) 25... Nd3 26. Rc7 Nc5 27. Nd6 Rfd8 28. Bxb7 Rab8 29. Bc6
Kf8 $11) 25. Rc7 Nc5 26. Bd5 {With the white pawn on d6 (instead of d7) Black
should be more careful as his f7 pawn is under attack. Still, he has not too
much to worry about yet.} Kg7 27. Kg2 Kf6 28. a3 Ra8 29. h4 h6 {Black starts
playing for a win. A risky decision!} (29... Ra5 30. Bc4 Ra4 31. Bd5 $11) 30.
Ba2 g5 31. h5 g4 32. Bd5 Ra5 33. Bc4 Kg5 34. Re7 Kxh5 35. Bxf7+ Kg5 $2 {
It was still possible to play it back:} (35... Rxf7 36. Rxf7 Kg6 37. d7 Nxd7
38. Rxd7 Rxb5 39. Rxb7 $11) 36. Be8 $1 {The d-pawn now becomes very formidable
as one of the black rooks is cut off and his king is unsafe.} Kf6 (36... Rxe8
37. Rxe8 Rxb5 38. Re5+ Kf6 39. d7 $18 {was probably overlookes by Black when
playing 35...Kg5.}) 37. Nc7 Na6 (37... Rxa3 38. Nd5+ Kg5 39. d7 (39. Ne3 h5 40.
d7 Ra8 41. Re5+ Kf6 42. Rf5+ Kg7 43. Rxh5 Rd8 44. Rg5+ Kh7 45. Rd5 $16) 39...
Ra8 40. Nxb6 Rd8 41. Nd5 $16) 38. Re6+ Kf5 39. d7 Nxc7 40. d8=Q Nxe6 {Formally,
Black has enough material for the queen but his king is under attack.} 41. Qxb6
Rd5 (41... Re5 42. Bd7 Kg5 $1 43. Qb2 $36) 42. Bh5 (42. Qxb7 Rd4 43. Qh7+ Ke5
44. Qxh6 $16) 42... Rd4 43. Qxb7 Rf6 $2 {This leads to an immediate collapse.}
(43... Kg5 $1 44. Bf7 $140 (44. Qb5+ Rf5 45. Qe8 Rf6 46. Bf7 Rd8 47. Qb5+ Rf5)
44... Kf6 45. Bxe6 Kxe6 46. Qc6+ Kf7 47. Qxh6 Ra8 $11 {/\Raa4}) 44. Qb5+ Ke4
45. Bxg4 Ng5 46. f3+ 1-0

[Event "Corsica Masters KO 17th"]
[Site "Bastia"]
[Date "2013.10.21"]
[Round "2.1"]
[White "Naiditsch, Arkadij"]
[Black "Fridman, Daniel"]
[Result "1/2-1/2"]
[WhiteElo "2724"]
[BlackElo "2602"]
[PlyCount "67"]
[EventDate "2013.10.20"]
[EventType "k.o. (rapid)"]
[EventRounds "4"]
[EventCountry "FRA"]
[SourceTitle "EXT 2014"]
[Source "ChessBase"]
[SourceDate "2013.11.20"]
[SourceVersion "1"]
[SourceVersionDate "2013.11.20"]
[SourceQuality "1"]

1. e4 e5 2. Nf3 Nf6 3. d4 Nxe4 4. Bd3 d5 5. Nxe5 Nd7 6. Nxd7 Bxd7 7. O-O Bd6 8.
Nc3 Nxc3 9. bxc3 O-O 10. Qh5 f5 11. Rb1 b6 12. Re1 c6 13. Bg5 Qc7 14. c4 Be8
15. Qf3 dxc4 16. Bxc4+ Bf7 17. Bxf7+ Rxf7 18. h4 Qd7 19. h5 Bf8 20. h6 gxh6 21.
Bf4 Qxd4 22. Be5 Qc4 23. Rbd1 Re8 24. Ba1 Rxe1+ 25. Rxe1 c5 26. Re8 Re7 27.
Rxe7 Bxe7 28. Qxf5 Qxa2 29. Qg4+ Bg5 30. Qc8+ Kf7 31. Qf5+ Ke8 32. Qc8+ Kf7 33.
Qf5+ Ke8 34. Qc8+ 1/2-1/2

[Event "FIDE World Cup 2021"]
[Site "Krasnaya Polyana RUS"]
[Date "2021.07.24"]
[Round "4.4"]
[White "Vitiugov, N."]
[Black "Svidler, P."]
[Result "1/2-1/2"]
[WhiteElo "2724"]
[BlackElo "2714"]
[PlyCount "88"]
[EventDate "2021.07.12"]
[EventType "k.o."]
[EventRounds "8"]
[EventCountry "RUS"]
[SourceTitle "The Week in Chess 1394"]
[Source "Mark Crowther"]
[SourceDate "2021.07.26"]
[SourceVersion "3"]
[SourceVersionDate "2021.07.27"]
[SourceQuality "2"]

1. d4 Nf6 2. c4 g6 3. Nc3 d5 4. cxd5 Nxd5 5. e4 Nxc3 6. bxc3 Bg7 7. Nf3 c5 8.
Bb5+ Nc6 9. O-O O-O 10. d5 Bxc3 11. Be3 Nd4 12. Nxd4 cxd4 13. Bxd4 Bxa1 14.
Bxa1 Bd7 15. Bc4 Rc8 16. Bb3 Bb5 17. Qd4 f6 18. Rb1 e5 19. Qxa7 Bc4 20. Bd1 Rf7
21. Bg4 Bd3 22. Rd1 Bxe4 23. Be6 Bxd5 24. Bxf7+ Kxf7 25. Qe3 Rc6 26. Bb2 Rd6
27. Ba3 Rd7 28. Qh6 Kg8 29. h4 Bc6 30. Rxd7 Bxd7 31. Qd2 Qe8 32. Qd5+ Be6 33.
Qxb7 Bxa2 34. Be7 Qf7 35. g4 Bd5 36. Qc7 h6 37. Kh2 g5 38. Qd8+ Kg7 39. Kg3 Be6
40. h5 Bc4 41. f3 Be6 42. Kf2 Bc4 43. Ke3 Ba2 44. Kf2 Be6 1/2-1/2